000 00569nam a22002057a 4500
005 20250326170405.0
010 _aENG-144291
020 _a9789355326058
_c350.00
035 _aEN-127823
037 _bDBAD
082 _28
100 _aKaruppiah, Sankarganesh
_979960
245 _aIndian Economy/
_cSankarganesh Karuppiah
250 _a8
260 _aChennai
_bMcGraw Hill
_c2021
270 _a5/90 A, Butt Road, St. Thomas Mount
_bChennai
_e600016
300 _a220p.
_c24cm(pb)
500 _aKey Concepts
942 _2ddc
_cEN
_mKAR
_h330.954
999 _c210532
_d210532